Criminal law, criminology and criminal administration

Bibliographic Details
Main Author: Gaur, K. D. (Author)
Format: Book
Published: New Delhi : Deep & Deep , 1992
Subjects:

MARC

LEADER 00000cam a2200000 7i4500
001 0000002178
005 20121016093000.0
008 021118s1992
020 |a 8171003931 
050 0 0 |a d21 K5015.4   |b .C74 1992 
090 0 0 |a d21 K5015.4   |b .C74 1992 
245 0 0 |a Criminal law, criminology and criminal administration   |c edited by K. D. Gaur 
260 |a New Delhi :   |b Deep & Deep ,   |c 1992 
300 |a xvi, 829 p. ;   |c 24 cm. 
650 0 |a Criminal justice, Administration of   |z India 
650 0 |a Criminal law   |z India 
700 0 |a Gaur, K. D. ,   |e author 
999 |a 1000012811   |b Book   |c OPEN SHELF (30 DAYS)   |e Gong Badak Campus